[Event "Bundesliga 2006-7"]
[Site "Bindlach GER"]
[Date "2007.03.18"]
[Round "13"]
[White "Nun,Ji"]
[Black "Markos,J"]
[Result "0-1"]
[WhiteElo "2382"]
[BlackElo "2528"]

1.e4 c5 2.Nf3 Nc6 3.Nc3 Nf6 4.Bb5 Qc7 5.O-O Nd4 6.Re1 a6 7.Bf1 Ng4 8.g3 Nxf3+
9.Qxf3 Ne5 10.Qd1 d6 11.Nd5 Qd8 12.Ne3 g6 13.c3 Bg7 14.d4 cxd4 15.cxd4 Nc6
16.d5 Ne5 17.Bd2 O-O 18.Bc3 b5 19.f4 b4 20.Bxe5 dxe5 21.fxe5 Bxe5 22.Nc4 Bg7
23.e5 Bd7 24.Qd4 Bb5 25.Rad1 Kh8 26.b3 Qc7 27.Nd2 Rad8 28.Bxb5 axb5 29.Nf3 f6
30.Qxb4 fxe5 31.Ng5 Qb6+ 32.Kh1 Qf6 33.Ne4 Qf3+ 34.Kg1 Rc8 35.Qd2 h6 36.Qe2 Qf5
37.Rf1 Qd7 38.Rxf8+ Rxf8 39.Kg2 Rc8 40.Qd3 b4 41.Rd2 Rc1 42.Rf2 Qa7 43.d6 exd6
44.Qxd6 Qb7 45.Qxg6 Re1 46.Kf3 Qb5 47.Kg4 Qd7+ 48.Kh4 Qd4 49.g4 Qxe4 50.Qe8+ Kh7
51.Kh5 Rg1 52.Qe6 Rg3 53.h4 Rf3 54.Rxf3 Qxf3 55.Qe8 Qf6  0-1

[Event "31st Conference"]
[Site "Blackpool ENG"]
[Date "2007.03.18"]
[Round "5"]
[White "Hanley,Ja"]
[Black "Cherniaev,A1"]
[Result "0-1"]
[WhiteElo "2159"]
[BlackElo "2473"]

1.e4 c5 2.Nf3 Nc6 3.Nc3 Nf6 4.e5 Ng4 5.Qe2 e6 6.h3 Nh6 7.g3 Nf5 8.Bg2 d6
9.exd6 Bxd6 10.Ne4 Be7 11.O-O O-O 12.c3 Bd7 13.d3 Rc8 14.Rd1 b6 15.Bf4 Ra8
16.Rac1 h6 17.h4 Rc8 18.d4 cxd4 19.cxd4 Nb4 20.Nc3 Bc6 21.a3 Nd5 22.Nxd5 Bxd5
23.Qa6 Rxc1 24.Bxc1 Qa8 25.Ne1 Bxg2 26.Nxg2 Rd8 27.d5 Rxd5 28.Rxd5 Qxd5 29.Qc8+ Qd8
30.Qxd8+ Bxd8 31.Kf1 Nd4 32.Bd2 h5 33.Nf4 e5 34.Nd3 f6 35.Bc3 Nc6 36.Ke2 Kf7
37.b4 b5 38.Nc5 Be7 39.Ne4 Ke6 40.Bd2 f5 41.Nc3 Nd4+ 42.Kd3 Bf6 43.Be3 e4+
44.Kd2 Nf3+ 45.Kc2 Bxc3 46.Kxc3 a6 47.Bf4 Kd5 48.Be3 Ne5 49.Bd4 Ng4 50.Bb6 g6
51.Bc5 Ne5 52.Ba7 Nc4 53.Kb3 e3 54.fxe3 Ke4 55.a4 Kd3 56.axb5 axb5 57.Bb8 Nxe3
58.Bd6 Nc2 59.Bb8 Nd4+ 60.Kb2 Kc4 61.Bd6 Nc6 62.Ka3 Kc3 63.Bf8 Kc2 64.Bd6 Nd4
65.Be5 Nf3 66.Bf4 Ng1 67.Bd6 Ne2 68.Ka2 Nc3+ 69.Ka3 Nd5 70.Be5 Nc3 71.Bc7 Ne2
72.Be5 Nc3 73.Bc7 Nd1 74.Bd6 Kc3 75.Be5+ Kc4 76.Bd6 Nc3 77.Be5 Nd5 78.Bd6 f4
79.gxf4 Ne3 80.Be7 Nc2+ 81.Kb2 Nxb4 82.Kc1 Nd5 83.Bd6 Kd3 84.Kb2 Ke4 85.Kb3 Kf5
86.Ba3 Kxf4 87.Bc1+ Kg4 88.Bg5 Nf4 89.Kb4 Ng2 90.Kxb5 Nxh4 91.Bd8 Nf3 92.Kc4 h4
93.Kd3 h3  0-1

[Event "ch-RUS U20"]
[Site "Saint Petersburg RUS"]
[Date "2007.03.18"]
[Round "8"]
[White "Romanov,E"]
[Black "Khairullin,I"]
[Result "1/2-1/2"]
[WhiteElo "2501"]
[BlackElo "2586"]

1.e4 c5 2.Nf3 Nc6 3.Nc3 Nf6 4.Bb5 Qc7 5.O-O Nd4 6.d3 a6 7.Ba4 b5 8.Bb3 Nxb3
9.axb3 Bb7 10.Bg5 e6 11.Re1 d6 12.Bxf6 gxf6 13.d4 cxd4 14.Nxd4 Qc5 15.Qd3 Rc8
16.Rad1 Rg8 17.Nd5 exd5 18.exd5+ Kd8 19.c4 bxc4 20.bxc4 Qxc4 21.Qxh7 Rg7
22.Qh8 Kd7 23.Qh3+ Kd8 24.Qh8 Kd7 25.Qh3+  1/2-1/2

[Event "Bundesliga 2006-7"]
[Site "Solingen GER"]
[Date "2007.03.18"]
[Round "13"]
[White "Macieja,B"]
[Black "Rabiega,R"]
[Result "1-0"]
[WhiteElo "2629"]
[BlackElo "2529"]

1.e4 c5 2.Nf3 Nc6 3.Nc3 e5 4.Bc4 Be7 5.d3 d6 6.O-O Nf6 7.Ng5 O-O 8.f4 h6
9.Nf3 exf4 10.Bxf4 Be6 11.Nd5 Bxd5 12.exd5 Na5 13.b3 b5 14.Bxb5 Nxd5 15.Bd2 Bf6
16.Qe1 Nb4 17.Rc1 Qb6 18.Ba4 Nac6 19.a3 Nd5 20.Kh1 Qc7 21.b4 cxb4 22.axb4 Rae8
23.Qg3 Nc3 24.Bxc3 Bxc3 25.Nh4 Be5 26.Qg4 Rb8 27.c3 Rfc8 28.Nf5 Kf8 29.d4 Bf6
30.Nxh6 Nd8 31.Rxf6  1-0

[Event "Agzamov Mem"]
[Site "Tashkent UZB"]
[Date "2007.03.18"]
[Round "3"]
[White "Sabirova,O"]
[Black "Turaev,Hal"]
[Result "1-0"]
[WhiteElo "2256"]
[BlackElo "2355"]

1.e4 c5 2.Nc3 Nc6 3.Bb5 Nd4 4.Bc4 g6 5.Nf3 Bg7 6.Nxd4 cxd4 7.Qf3 Nh6 8.Ne2 O-O
9.d3 Qb6 10.Bb3 d6 11.Nf4 e6 12.Qg3 Kh8 13.h4 Qc5 14.Ne2 a5 15.a4 Ng8 16.h5 gxh5
17.Nf4 Nf6 18.Qf3 Qe5 19.Nxh5 Nxh5 20.Rxh5 Qf6 21.Qh3 Qg6 22.Bd2 e5 23.Qh2 Be6
24.O-O-O Bxb3 25.Rh1 f6 26.Rxh7+ Kg8 27.cxb3 Kf7 28.Qh3 Rfd8 29.Rh4 Ke7 30.Kb1 d5
31.Rg4 Qf7 32.Rc1 Kd6 33.exd5 Bf8 34.Rxd4 Rd7 35.Rdc4 Qxd5 36.b4 Ke7 37.bxa5 Qxd3+
38.Qxd3 Rxd3 39.Bb4+ Ke6 40.Bc3 Bd6 41.Kc2 Rd5 42.b4 b6 43.Rh1 bxa5 44.b5 Rc5
45.Rxc5 Bxc5 46.f3 Rc8 47.Kb3 Bb6 48.Rh7 Rd8 49.Rb7 Rd6 50.g4 Kd5 51.Rb8 e4
52.fxe4+ Kxe4 53.Kc4 Bf2 54.Rf8 Bd4 55.Re8+ Be5 56.g5 Kf5 57.gxf6 Bxc3 58.Kxc3 Rxf6
59.Ra8 Ke5 60.Rxa5 Kd5 61.Ra8 Kc5 62.Rc8+ Kb6 63.Kb4 Kb7 64.Rc4 Rf8 65.Rh4 Rf7
66.a5 Ka7 67.a6 Re7 68.Ka5 Re5 69.Rh7+ Ka8 70.Rd7 Rh5 71.Kb6 Rh6+ 72.Kc5 Kb8
73.Rd6 Rh8 74.b6 Rh5+ 75.Kc6 Rh8 76.Re6 Rd8 77.a7+ Ka8 78.Kc7 Rc8+ 79.Kd7 Kb7
80.Re8 Rxe8 81.Kxe8 Ka8 82.Kd7 Kb7 83.a8=Q+ Kxa8 84.Kc6  1-0

[Event "ch-KAZ"]
[Site "Astana KAZ"]
[Date "2007.03.20"]
[Round "1"]
[White "Alaguzov,M"]
[Black "Kozlov,R"]
[Result "0-1"]
[WhiteElo "2194"]
[BlackElo "2350"]

1.e4 c5 2.Nf3 Nc6 3.Nc3 g6 4.d4 cxd4 5.Nxd4 Bg7 6.Be3 Nf6 7.Bc4 d6 8.f3 Qb6
9.Ncb5 Qa5+ 10.Qd2 Qxd2+ 11.Kxd2 O-O 12.Nc7 Rb8 13.c3 e6 14.Ncb5 e5 15.Nc2 a6
16.Nc7 Na5 17.Bd3 Be6 18.Nxe6 fxe6 19.Bb6 Nc6 20.Bc7 Bh6+ 21.Ke2 Rbc8 22.Bxd6 Rfd8
23.Ba3 Rxd3 24.Kxd3 Rd8+ 25.Kc4 Rd2 26.Kb3 Na5+ 27.Kb4 Nc6+ 28.Kb3 b5 29.Rad1 Na5+
30.Kb4 Nc4 31.Kc5 Rxc2 32.Rd8+ Kf7 33.Bb4 Rxb2 34.a4 Be3+ 35.Kc6 bxa4 36.Ra8 a5
37.Bc5 Bxc5 38.Kxc5 Nd7+ 39.Kc6 Ke7 40.Rd1 Rb6+ 41.Kc7 Nc5 42.g4 Na6+ 43.Kc8 Nd6+
44.Rxd6 Kxd6  0-1

[Event "Open"]
[Site "Zagreb CRO"]
[Date "2007.03.20"]
[Round "4"]
[White "Klasan,V"]
[Black "Vukusic,M"]
[Result "1-0"]
[WhiteElo "2276"]
[BlackElo "2118"]

1.e4 c5 2.Nf3 Nc6 3.Nc3 d6 4.d4 cxd4 5.Nxd4 Nf6 6.g3 e6 7.Bg2 Bd7 8.O-O Be7
9.Re1 O-O 10.Nxc6 Bxc6 11.a4 Rc8 12.Be3 a6 13.a5 Nd7 14.Na4 Qc7 15.Nb6 Nxb6
16.Bxb6 Qb8 17.c4 Bd8 18.Bd4 Bc7 19.Qg4 g6 20.b4 b6 21.axb6 Bxb6 22.c5 dxc5
23.bxc5 Bd8 24.Reb1 Qa8 25.h4 Be7 26.Qf4 f6 27.Qg4 e5 28.Qe6+ Rf7 29.Bf1 Kg7
30.Rxa6 Bd7 31.Qxd7 Qxe4 32.Qxc8 Qxb1 33.Be3 f5 34.Qe6 Qb2 35.Ra7  1-0

[Event "Open"]
[Site "Zagreb CRO"]
[Date "2007.03.20"]
[Round "4"]
[White "Plenkovic,Z"]
[Black "Zaja,I"]
[Result "1/2-1/2"]
[WhiteElo "2366"]
[BlackElo "2458"]

1.e4 c5 2.Nf3 Nc6 3.Nc3 g6 4.Bb5 Bg7 5.O-O e5 6.Nd5 a6 7.Bxc6 bxc6 8.Ne3 d6
9.d3 f5 10.exf5 gxf5 11.Nd2 f4 12.Nec4 Nh6 13.Qf3 Qc7 14.Ne4 Nf7 15.Bxf4 O-O
16.Be3 d5 17.Nf6+ Kh8 18.Bxc5 Ng5 19.Qh5 Bxf6 20.Bxf8 dxc4 21.dxc4 Be6 22.Bh6 Rg8
23.Qe2 Qf7 24.Bxg5 Rxg5 25.f4 Bxc4 26.Qd2 Rf5 27.Rf2 exf4 28.Rxf4 Rxf4 29.Qxf4 Bg7
30.Qb8+ Qg8 31.Qxg8+ Kxg8 32.c3 Bd5 33.Kf2 Kf7 34.a3 Ke6 35.Re1+ Be5  1/2-1/2

[Event "Agzamov Mem"]
[Site "Tashkent UZB"]
[Date "2007.03.21"]
[Round "7"]
[White "Iuldachev,S"]
[Black "Holmirzaev,B"]
[Result "1-0"]
[WhiteElo "2517"]
[BlackElo "2227"]

1.e4 c5 2.Nc3 Nc6 3.Bb5 a6 4.Bxc6 dxc6 5.d3 e5 6.Nge2 Bd6 7.O-O f6 8.Be3 Be6
9.Qd2 Ne7 10.Na4 b6 11.b4 cxb4 12.Bxb6 Qb8 13.Bc5 Nc8 14.Rfb1 a5 15.a3 b3
16.cxb3 O-O 17.Qc3 Rd8 18.Bxd6 Rxd6 19.Nc5 Bf7 20.b4 a4 21.d4 Qb5 22.dxe5 fxe5
23.Ng3 Nb6 24.Nf5 Rf6 25.Qxe5 Re8 26.Qg3 Rg6 27.Qc7 Nd5 28.exd5 Bxd5 29.Ng3 h5
30.Re1 Rf8 31.Nd7 Ra8 32.Ne5 Rg5 33.Qe7  1-0

[Event "66th ch-GEO"]
[Site "Tbilisi GEO"]
[Date "2007.03.22"]
[Round "8"]
[White "Mchedlishvili,M"]
[Black "Nigalidze,G"]
[Result "1/2-1/2"]
[WhiteElo "2583"]
[BlackElo "2224"]

1.e4 c5 2.Nf3 Nc6 3.Nc3 Nf6 4.Bb5 g6 5.Bxc6 dxc6 6.h3 Bg7 7.d3 Nd7 8.Be3 e5
9.O-O Qe7 10.Nd2 O-O 11.a4 a5 12.Nc4 b6 13.f4 Ba6 14.f5 Bxc4 15.dxc4 Rfd8
16.Qg4 Nf8 17.Rf2 Rd6 18.Raf1 Nd7 19.Ne2 Rf8 20.g3 Re8 21.Rg2 Nf6 22.Qf3 h6
23.g4 Nh7 24.Rgf2 Red8 25.Nc3 R8d7 26.Rh2 Qh4 27.Kh1 Ng5 28.Qg2 Nh7 29.Qe2 Bf8
30.Rd1 Rxd1+ 31.Nxd1 Qg3 32.Nf2 Ng5 33.Bxg5 hxg5 34.Rg2 Qh4 35.Qf3 Qh8 36.Nd3 Qf6
37.Rf2 Bg7 38.Qe3 Qd8 39.Kg2 Bf6 40.b3 Kg7 41.Qf3 Qe7 42.Kf1 Qd8 43.Ke2 Rd4
44.Rf1 Qe7 45.Rd1 Rd8 46.Nf2 Rxd1 47.Nxd1 Qd7 48.fxg6 fxg6 49.c3 Be7 50.Nf2 Qe6
51.Nd3 Bd6 52.Qe3 Be7 53.Ne1 Qf6 54.Nf3 Kf7 55.Qd3 Ke8 56.Qd2 Bd8 57.b4 Qe6
58.bxa5 bxa5 59.Qd3 Qf6 60.Nd2 Ke7 61.Qb1 Bc7 62.Qb7 Kd6 63.Kd3 Qf2 64.Qc8 Qg3+
65.Kc2 Qxh3 66.Nb3 Qf1 67.Qg8 Qf6 68.Qh7 Qf2+ 69.Nd2 Qf6 70.Kd3 Bd8 71.Ke2 Qe6
72.Kf3 Qf6+  1/2-1/2

[Event "Open"]
[Site "Zagreb CRO"]
[Date "2007.03.22"]
[Round "6"]
[White "Grobelsek,A"]
[Black "Matana,Z"]
[Result "1/2-1/2"]
[WhiteElo "2099"]
[BlackElo "1895"]

1.e4 c5 2.Nc3 Nc6 3.Bb5 a6 4.Bxc6 bxc6 5.d3 d5 6.e5 e6 7.f4 Ne7 8.Nf3 d4
9.Ne4 Nd5 10.O-O Be7 11.c4 f5 12.exf6 Nxf6 13.Ne5 O-O 14.Nxc6 Qc7 15.Nxe7+ Qxe7
16.Ng5 h6 17.Nf3 Nd7 18.Qe2 Bb7 19.Bd2 Rf6 20.Rae1 Qd6 21.Ne5 Raf8 22.Qg4 Kh7
23.Nxd7 Qxd7 24.Rf2 Rg6 25.Qh3 Qc6 26.Re5 a5 27.Rfe2 Rff6 28.Bxa5 Qa4 29.Be1 Rxf4
30.Bg3 Qd1+ 31.Re1 Qxd3 32.Rxe6 Bc8 33.Qh5 Bxe6 34.Bxf4 Qxc4 35.b3 Qc2 36.Qe2 Bf5
37.Qxc2 Bxc2 38.Re5 Rc6 39.Re7 Kg8 40.Be5 g5 41.b4 d3 42.Bc3 cxb4 43.Bxb4 Rf6
44.Re8+ Kf7 45.Rf8+ Ke6 46.Rxf6+ Kxf6 47.Kf2 Ke5 48.Ke3 Kd5 49.g4 Bd1 50.Bf8 h5
51.gxh5 Bxh5 52.Kxd3 Bd1 53.Kc3 g4 54.Kb4 Kc6  1/2-1/2

[Event "Rector Cup m"]
[Site "Kharkiv UKR"]
[Date "2007.03.23"]
[Round "7"]
[White "Simonian,H"]
[Black "Isajevsky,A"]
[Result "1/2-1/2"]
[WhiteElo "2384"]
[BlackElo "2464"]

1.e4 c5 2.Nc3 Nc6 3.Bb5 g6 4.Bxc6 bxc6 5.d3 Bg7 6.Nge2 Nh6 7.Be3 d6 8.h3 f5
9.Qd2 Nf7 10.exf5 Bxf5 11.O-O O-O 12.Rae1 Kh8 13.b3 Qa5 14.f4 Rad8 15.Na4 Qc7
16.Ng3 Bc8 17.f5 gxf5 18.Nxf5 Bxf5 19.Rxf5 Qd7 20.Ref1 Qe6 21.Nc3 Nh6 22.Rxf8+ Rxf8
23.Rxf8+ Bxf8 24.Ne4 Nf5 25.Bf2 Bg7 26.Qf4 Qg6 27.Kh1 Be5 28.Qf3 Kg7 29.g4 Nd4
30.Bxd4 cxd4 31.Kg2 d5 32.Ng3 Bxg3  1/2-1/2

[Event "Vladimir Zak mem"]
[Site "St Petersburg RUS"]
[Date "2007.03.24"]
[Round "1"]
[White "Zhukov,Dm"]
[Black "Gershun,D"]
[Result "1-0"]
[WhiteElo "2176"]
[BlackElo "1940"]

1.e4 c5 2.Nf3 Nc6 3.Nc3 Nf6 4.d4 cxd4 5.Nxd4 e5 6.Ndb5 d6 7.Bg5 a6 8.Na3 b5
9.Nd5 Be7 10.Bxf6 Bxf6 11.c3 Bg5 12.Nc2 O-O 13.a4 bxa4 14.Rxa4 a5 15.Bc4 Rb8
16.Ra2 Kh8 17.Nce3 f5 18.exf5 Bxf5 19.Nxf5 Rxf5 20.Qg4 Rf8 21.O-O Bh6 22.b3 Ne7
23.Rfa1 Nxd5 24.Bxd5 Qb6 25.Qa4 Qc5 26.Qc4 Qb6 27.Rd1 Rf4 28.Qd3 Rbf8 29.Rf1 R4f6
30.Re2 Qc5 31.g3 Rc8 32.Bc4 a4 33.Kg2 axb3 34.Bxb3 Rff8 35.Rc2 Rb8 36.Bd5 Rb5
37.Rd1 Rfb8 38.Be4 Rd8 39.c4 Ra5 40.Bxh7 d5 41.cxd5 Qxd5+ 42.Qxd5 Raxd5 43.Rxd5 Rxd5
44.Be4 Rd8 45.Rc5 Kg8 46.Rxe5 Kf7 47.h3 Bc1 48.f4 Bb2 49.Rb5 Bd4 50.g4 Rd7
51.Kg3 Ra7 52.Rd5 Bc3 53.Rd3 Be1+ 54.Kf3 Bb4 55.Bd5+ Kf6 56.g5+ Kf5 57.Be4+ Ke6
58.Kg4 Bd6 59.Bf5+ Ke7 60.Re3+ Kf7 61.Bg6+  1-0

[Event "TCh-BEL 2006-7"]
[Site "Belgium BEL"]
[Date "2007.03.25"]
[Round "11"]
[White "Knoppert,E"]
[Black "David,Alb"]
[Result "0-1"]
[WhiteElo "2334"]
[BlackElo "2528"]

1.e4 c5 2.Ne2 Nc6 3.Nbc3 g6 4.d4 cxd4 5.Nxd4 Bg7 6.Be3 d6 7.Be2 Nf6 8.O-O O-O
9.Kh1 Bd7 10.f4 Nxd4 11.Bxd4 Bc6 12.Bf3 a5 13.e5 dxe5 14.Bxe5 Qb6 15.Bxc6 Qxc6
16.Qe2 Rac8 17.a4 e6 18.Rad1 h5 19.h3 h4 20.Qe1 Rfe8 21.Rd6 Qc4 22.Rd4 Qa6
23.Rf3 Nd5 24.Bxg7 Kxg7 25.Qxh4 Nxc3 26.bxc3 Qe2 27.Qf2 Qxf2 28.Rxf2 Re7
29.Rf3 Rec7 30.Rd1 Rxc3 31.Rxc3 Rxc3 32.Rb1 Rxc2 33.Rxb7 Rc4 34.g3 Rxa4 35.Ra7 Ra2
36.Kg1 a4 37.g4 a3 38.g5 Kf8 39.Kh1 Ke8 40.Kg1 Kd8 41.h4 Ra1+ 42.Kg2 a2 43.Kh2 Kc8
44.Ra3 Kb7 45.Ra4 Kb6 46.Ra8 Kb5 47.Ra7 Kc4 48.Ra8 Kd3 49.Ra5 Ke2  0-1

[Event "Spring Open"]
[Site "Belgrade SRB"]
[Date "2007.03.28"]
[Round "3"]
[White "Danojlic,P"]
[Black "Kerecki,L"]
[Result "0-1"]
[WhiteElo "1890"]
[BlackElo "2119"]

1.e4 c5 2.Nc3 Nc6 3.Nf3 d6 4.d4 cxd4 5.Nxd4 Nf6 6.f3 e6 7.Bc4 a6 8.a4 Qc7
9.Nxc6 bxc6 10.O-O d5 11.Bb3 Bd6 12.f4 Nxe4 13.Nxe4 dxe4 14.Qd4 Qa7 15.Be3 Qxd4
16.Bxd4 O-O 17.g4 c5 18.Bc3 Bb7 19.f5 Bd5 20.Rfd1 Rad8 21.Ba5 Rd7 22.c4 Bc6
23.Bc3 exf5 24.gxf5 Bf4 25.Re1 Re8 26.Rad1 Rxd1 27.Bxd1 Be5 28.Bxe5 Rxe5
29.Re3 Kf8 30.Rh3 Rxf5 31.Rxh7 Be8 32.a5 Re5 33.Rh8+ Ke7 34.h4 f5 35.h5 Re6
36.Kf2 f4 37.Bg4 Rh6 38.Rxh6 gxh6 39.Bc8 Bxh5 40.Bxa6 e3+ 41.Kf1 Bg4 42.Bb7 Kd6
43.Be4 Kc7 44.Kg2 Kb8 45.b4 cxb4 46.c5 Be2 47.Bd5 b3 48.a6 b2 49.Be4 Bxa6  0-1

[Event "Sander Schloss Open"]
[Site "Werther GER"]
[Date "2007.03.29"]
[Round "1"]
[White "Poulsen,I"]
[Black "Gutman,L"]
[Result "0-1"]
[WhiteElo "2156"]
[BlackElo "2464"]

1.e4 c5 2.Nc3 Nc6 3.Nge2 d6 4.d4 cxd4 5.Nxd4 e6 6.Be3 Nf6 7.f3 d5 8.Bb5 Bd7
9.exd5 exd5 10.O-O Be7 11.Qd2 O-O 12.Rad1 Ne5 13.Qf2 Rc8 14.Kh1 Re8 15.Bxd7 Qxd7
16.Nce2 Nc4 17.Bc1 Bc5 18.b3 Na3 19.Rd2 Bb4 20.c3 Bd6 21.Bb2 b5 22.Rfd1 b4
23.Bxa3 bxa3 24.Nc2 Qf5 25.Qh4 g5 26.Qa4 g4 27.Ncd4 Qh5 28.g3 gxf3 29.Ng1 Ne4
30.Ngxf3 Nxg3+ 31.Kg2 Ne4 32.Re2 Kh8 33.Qd7 Rg8+ 34.Kf1 Rxc3 35.Rxe4 Rxf3+  0-1

[Event "8th ch-Euro w"]
[Site "Dresden GER"]
[Date "2007.04.03"]
[Round "1"]
[White "Meshcheriakova,E"]
[Black "Kosintseva,T"]
[Result "0-1"]
[WhiteElo "2292"]
[BlackElo "2474"]

1.e4 c5 2.Nf3 Nc6 3.Nc3 d6 4.d4 cxd4 5.Nxd4 Nf6 6.Bc4 Qb6 7.Nb3 e6 8.Bf4 Ne5
9.Be3 Qc7 10.Be2 a6 11.f4 Nc4 12.Bxc4 Qxc4 13.Qf3 e5 14.f5 b5 15.a3 Bd7 16.Bg5 Be7
17.Rd1 a5 18.Bxf6 gxf6 19.Nd5 Bd8 20.Rd3 b4 21.O-O Rg8 22.Ne3 Qc7 23.axb4 axb4
24.Rfd1 Ra6 25.Nd5 Qc4 26.Ne3 Qc7 27.Kh1 Bb5 28.R3d2 Be7 29.Qh5 Bc6 30.Qxh7 Rf8
31.Qh4 Rg8 32.Qh7 Rf8 33.Qh4 Rg8 34.Re2 Ra2 35.Qh7 Rf8 36.Qh4 Rxb2 37.Ra1 Bb7
38.h3 Qc3 39.Nd1 Qc4 40.Qf2 Rxb3 41.cxb3 Qb5 42.Ra7 Rg8 43.Ne3 Bxe4 44.Ng4 Bb7
45.Rea2 Bd8 46.Qe2 Qc6 47.Qc4 Qxc4 48.bxc4 Be4 49.Rb2 Rh8 50.Rb7 Rxh3+ 51.Nh2 Rg3
52.Nf3 Bxf5 53.Rb8 Be4 54.Kh2 Rg8 55.R8xb4 f5 56.c5 dxc5 57.Nxe5 Rxg2+ 58.Kh3 Rxb2
59.Rxb2 Bc7 60.Nc4 Ke7 61.Re2 Ke6 62.Rb2 f4 63.Kg4 f5+ 64.Kg5 f3 65.Ne3 Bd3
66.Nf1 Be5 67.Ra2 Kd5 68.Ne3+ Kd4 69.Nxf5+ Bxf5 70.Kxf5 c4 71.Kg4 Ke3 72.Ra5 Bd4
73.Rf5 f2 74.Kg3 Ke2 75.Kg2 c3  0-1

[Event "8th ch-Euro w"]
[Site "Dresden GER"]
[Date "2007.04.03"]
[Round "1"]
[White "Petrenko,S"]
[Black "Hafenstein,A"]
[Result "1-0"]
[WhiteElo "2319"]
[BlackElo "1945"]

1.e4 c5 2.Nf3 Nc6 3.Nc3 g6 4.d4 cxd4 5.Nxd4 Bg7 6.Be3 a6 7.Be2 e6 8.O-O Nge7
9.a4 O-O 10.Qd2 b6 11.Rad1 Nxd4 12.Bxd4 Qc7 13.Bxg7 Kxg7 14.f4 Qc5+ 15.Kh1 Rd8
16.Bf3 Ra7 17.g4 Rc7 18.f5 Qe5 19.Bg2 Ng8 20.Qd6 Qc5 21.e5 Bb7 22.f6+ Kh8
23.g5 Bxg2+ 24.Kxg2 b5 25.axb5 axb5 26.Rf2 b4 27.Ne4 Qa5 28.Ra1 Qxa1 29.Qxc7 Qa8
30.Kf3 b3 31.c3 h5  1-0

[Event "8th ch-Euro"]
[Site "Dresden GER"]
[Date "2007.04.03"]
[Round "1"]
[White "Grigoriants,S RUS"]
[Black "Atakisi,U"]
[Result "1-0"]
[WhiteElo "2592"]
[BlackElo "2384"]

1.e4 c5 2.Nf3 Nc6 3.Nc3 g6 4.d4 cxd4 5.Nxd4 Bg7 6.Be3 Nf6 7.Bc4 O-O 8.Bb3 d6
9.f3 Bd7 10.Qd2 Nxd4 11.Bxd4 b5 12.a4 bxa4 13.Bxa4 e5 14.Be3 Be6 15.Rd1 Rb8
16.b3 Qa5 17.Nd5 Qxd2+ 18.Rxd2 Bxd5 19.exd5 a6 20.Bc6 e4 21.Rd4 exf3 22.gxf3 Ne8
23.Ra4 Nc7 24.Kd2 f5 25.Ba7 Rbc8 26.c4 Rf7 27.Re1 Kf8 28.Bb6 Re7 29.Rxe7 Kxe7
30.Be3 Rb8 31.b4 Be5 32.h3 Kf7 33.b5 axb5 34.Ra7 bxc4 35.Rxc7+ Kf6 36.f4 Rb2+
37.Kc1 Bc3 38.Be8  1-0

[Event "8th ch-Euro"]
[Site "Dresden GER"]
[Date "2007.04.03"]
[Round "1"]
[White "Parligras,M"]
[Black "Zelbel,P"]
[Result "1-0"]
[WhiteElo "2494"]
[BlackElo "2123"]

1.e4 c5 2.Nc3 Nc6 3.Nge2 g6 4.d4 cxd4 5.Nxd4 Bg7 6.Be3 d6 7.Qd2 Nf6 8.f3 O-O
9.O-O-O d5 10.exd5 Nxd5 11.Nxc6 bxc6 12.Bd4 e5 13.Bc5 Be6 14.Ne4 f5 15.Ng5 Bh6
16.h4 Re8 17.Bc4 Bxg5 18.hxg5 Nf4 19.Qxd8 Raxd8 20.Bxe6+ Nxe6 21.Bxa7 Nxg5
22.a4 Kf7 23.a5 Ke6 24.Bc5 Rd5 25.b4 Ra8 26.Kb2 f4 27.c4 Rxc5 28.bxc5 Rxa5
29.Rd6+ Kf5 30.Rxc6 e4 31.fxe4+ Nxe4 32.Rxh7 Nxc5 33.Rf7+ Ke4 34.Kc3 Nd3
35.Re6+ Ne5 36.Rfe7 Rc5 37.Kb4 Rxc4+ 38.Kb5 Rc2 39.Rxe5+ Kd4 40.Rg5 Rb2+  1-0

[Event "30th Open"]
[Site "San Sebastian ESP"]
[Date "2007.04.03"]
[Round "3"]
[White "Zulaika Centeno,A"]
[Black "Lazkano Gaite,T"]
[Result "1-0"]
[WhiteElo "2056"]
[BlackElo "1757"]

1.e4 c5 2.Nc3 Nc6 3.Nf3 d6 4.d4 cxd4 5.Nxd4 Nf6 6.Bg5 e6 7.Qd2 Be7 8.f4 Qb6
9.Nb3 a6 10.O-O-O O-O 11.Be2 Rd8 12.Bf3 Qc7 13.Qf2 b5 14.g4 b4 15.Ne2 Bb7
16.Bxf6 Bxf6 17.g5 Be7 18.Rhg1 Rac8 19.Ned4 g6 20.Rg3 a5 21.Rh3 Bf8 22.Bg4 Nxd4
23.Nxd4 Bxe4 24.Rd2 Qc4 25.b3 Qc5 26.Qh4 Bg7 27.Qxh7+ Kf8 28.Bxe6 Rc7 29.f5 gxf5
30.Bxf5 Bxf5 31.Nxf5 Qe5 32.Qxg7+ Qxg7 33.Nxg7 Kxg7 34.Rhd3 Rc5 35.Rd5 Rxd5
36.Rxd5 Kg6 37.Rxa5 Rh8 38.Rd5 Rxh2 39.Rxd6+ Kxg5 40.Rd4 Rh4 41.Rd8 f5 42.Kb2 f4
43.a4 f3 44.Rg8+ Kf4 45.a5 Rh6 46.Rf8+ Kg3 47.Rg8+ Kh2 48.Rf8 Kg2 49.c3 bxc3+
50.Kxc3 Rh5 51.b4 Rh3 52.Kc4 f2 53.Rxf2+ Kxf2 54.a6 Ke3 55.b5 Ke4 56.b6 Ra3
57.a7 Ke5 58.b7 Ra4+ 59.Kb5 Rxa7 60.b8=Q+  1-0

[Event "8th ch-Euro"]
[Site "Dresden GER"]
[Date "2007.04.04"]
[Round "2"]
[White "Bakalarz,M"]
[Black "Grosse,Man"]
[Result "1-0"]
[WhiteElo "2378"]
[BlackElo "1923"]

1.e4 c5 2.Nc3 Nc6 3.Bb5 a6 4.Bxc6 bxc6 5.d3 d5 6.h3 e5 7.Nf3 d4 8.Na4 Qc7
9.b3 Bd6 10.Ba3 Ne7 11.Nd2 Be6 12.Nxc5 Bxc5 13.Bxc5 O-O 14.O-O f5 15.exf5 Rxf5
16.f4 Nd5 17.Nc4 Nc3 18.Qd2 Bxc4 19.bxc4 Na4 20.Qb4 Nc3 21.Bd6 Qf7 22.Bxe5 Ne2+
23.Kh2 Re8 24.g4 Rexe5 25.gxf5 c5 26.Qb8+ Re8 27.Qd6 Qh5 28.Qd5+ Kf8 29.f6 Qxd5
30.fxg7+ Kxg7 31.cxd5 Nc3 32.Rae1 Rd8 33.Re7+ Kf6 34.Rxh7 a5 35.d6 a4 36.Ra7 Rxd6
37.Ra5 Rc6 38.a3 Kf5 39.h4 Nd5 40.Rg1 Ne3 41.Rxc5+ Rxc5 42.Rg5+ Kxf4 43.Rxc5 Kf3
44.h5 Ke2 45.Kh3  1-0

[Event "8th ch-Euro w"]
[Site "Dresden GER"]
[Date "2007.04.05"]
[Round "3"]
[White "Zdebskaja,N"]
[Black "Topel,Z"]
[Result "1-0"]
[WhiteElo "2291"]
[BlackElo "2230"]

1.e4 c5 2.Nc3 Nc6 3.Bb5 e6 4.Nf3 Nge7 5.d4 cxd4 6.Nxd4 a6 7.Be2 Nxd4 8.Qxd4 Nc6
9.Qe3 Qc7 10.O-O Be7 11.Kh1 b5 12.f4 O-O 13.e5 d5 14.exd6 Bxd6 15.Ne4 Be7
16.c3 Rd8 17.Qf2 Bf8 18.Be3 Rb8 19.f5 exf5 20.Bf4 Qe7 21.Bxb8 Nxb8 22.Ng3 g6
23.Rad1 Rxd1 24.Rxd1 Nd7 25.Qd4 Bg7 26.Qd5 Be5 27.Qc6 Qe8 28.Bf3 Kg7 29.Ne2 Qd8
30.g3 Qc7 31.Qxc7 Bxc7 32.Nf4 Ne5 33.Bd5 h5 34.Kg2 h4 35.Nd3 Ng4 36.Re1 Bb6
37.Re8 Ne3+ 38.Kf3 Nxd5 39.Rxc8 hxg3 40.hxg3 g5 41.Rc6 g4+ 42.Ke2 Bg1 43.Rxa6 Nf6
44.Kf1 Be3 45.Kg2 Ne4 46.a4 bxa4 47.Rxa4 Bb6 48.Rc4 Ba7 49.Rc8 Nd6 50.Rc6 Ne4
51.Nf4 Be3 52.Nh5+ Kf8 53.Nf6 Ng5 54.Rc8+ Kg7 55.Nd5 Bd2 56.b4 Ne4 57.b5 Be1
58.b6 Bxg3 59.Re8 Bd6 60.b7 Kh6 61.b8=Q Bxb8 62.Rxb8 f4 63.Nxf4 Nxc3 64.Rg8 Nd1
65.Kg3 Ne3 66.Re8  1-0

[Event "30th Open"]
[Site "San Sebastian ESP"]
[Date "2007.04.05"]
[Round "5"]
[White "Gonzalez Menendez,I"]
[Black "San Segundo Carrillo,P"]
[Result "1/2-1/2"]
[WhiteElo "2401"]
[BlackElo "2539"]

1.e4 c5 2.Nf3 Nc6 3.Nc3 g6 4.d4 cxd4 5.Nxd4 Bg7 6.Be3 Nf6 7.Bc4 O-O 8.Bb3 a5
9.O-O d6 10.f3 Bd7 11.Ndb5 Be6 12.Bxe6 fxe6 13.Na4 Ne5  1/2-1/2

[Event "30th Open"]
[Site "San Sebastian ESP"]
[Date "2007.04.05"]
[Round "6"]
[White "Izagirre Alsua,A"]
[Black "Oliver,S"]
[Result "1/2-1/2"]
[WhiteElo "1709"]
[BlackElo "1925"]

1.e4 c5 2.Nc3 Nc6 3.Nf3 g6 4.Bc4 Bg7 5.O-O e6 6.Re1 d6 7.Bf1 Nge7 8.Ne2 O-O
9.c3 d5 10.exd5 Nxd5 11.d4 cxd4 12.Nexd4 Nxd4 13.Nxd4 b6 14.Be2 Bb7 15.Bf3 Qc7
16.Bg5 a6 17.Qe2 e5 18.Nc2 f5 19.Bxd5+ Bxd5 20.Bd2 Bb7 21.Rad1 Rae8 22.Bc1 Qc6
23.Qf1 a5 24.c4 f4 25.Na3 Rf5 26.f3 Rh5 27.Nb5 Bf8 28.Nc3 Bc5+ 29.Kh1 Qf6
30.h3 Qf8 31.Ne4 Be7 32.b3 Qh6 33.Rd7 Bc8 34.Rxe7 Rxe7 35.Nf6+ Kf7 36.Nxh5 Qxh5
37.Bb2 Qf5 38.Qe2 Qh5 39.Kg1 Qg5 40.Kf1 Kf6 41.Qf2 Re6 42.Qd2 Ke7 43.Qd5 Ke8
44.Rxe5 Rxe5 45.Qxe5+ Qxe5 46.Bxe5 Bf5 47.Bc7 Bb1 48.Bxb6 Bxa2 49.Bxa5 Bxb3
50.c5 Kd7 51.Kf2 Be6 52.h4 h5 53.g3 fxg3+ 54.Kxg3 Bf5 55.Kf4 Kc6 56.Bb6  1/2-1/2

[Event "LIII Mexican Open"]
[Site "Aguascalientes MEX"]
[Date "2007.04.06"]
[Round "6"]
[White "Paz Valera,L"]
[Black "Capo Vidal,U"]
[Result "0-1"]
[WhiteElo "2134"]
[BlackElo "2375"]

1.e4 c5 2.Nf3 Nc6 3.Nc3 Nf6 4.Bb5 g6 5.Bxc6 dxc6 6.d3 Bg7 7.h3 Nd7 8.Bg5 f6
9.Be3 e5 10.O-O Qe7 11.Nd2 Nf8 12.a3 Ne6 13.b4 O-O 14.Na4 b6 15.Nb3 f5 16.f3 Ng5
17.Qe2 cxb4 18.axb4 Be6 19.c4 fxe4 20.Qd2 Nxh3+ 21.gxh3 exf3 22.Bg5 Qc7 23.Qh2 Qd6  0-1

[Event "45th Doeberl Cup"]
[Site "Canberra AUS"]
[Date "2007.04.06"]
[Round "1"]
[White "Bakre,T"]
[Black "Illingworth,M"]
[Result "1-0"]
[WhiteElo "2426"]
[BlackElo "2006"]

1.e4 c5 2.Nf3 Nc6 3.Nc3 Nf6 4.Bb5 Qc7 5.O-O e6 6.Re1 Nd4 7.e5 Nxb5 8.Nxb5 Qb6
9.c4 a6 10.Nc3 Ng8 11.d4 cxd4 12.Nxd4 d6 13.exd6 Qxd6 14.Nd5 Qd8 15.Bf4 Bd6
16.Bxd6 Qxd6 17.Nf5 Qc5 18.b4 Qc6 19.Qg4 g6 20.Qd4 f6 21.Nxf6+ Kf7 22.Nxg8  1-0

[Event "8th ch-Euro"]
[Site "Dresden GER"]
[Date "2007.04.06"]
[Round "4"]
[White "Heberla,B"]
[Black "Dinger,F"]
[Result "1-0"]
[WhiteElo "2557"]
[BlackElo "2286"]

1.e4 c5 2.Nc3 Nc6 3.Bb5 Nd4 4.Bc4 e6 5.Nge2 Nf6 6.O-O a6 7.a4 d5 8.exd5 exd5
9.Ba2 Be7 10.d3 O-O 11.Nxd4 cxd4 12.Ne2 Qb6 13.Bf4 Rd8 14.Be5 Bc5 15.a5 Qxa5
16.Bxf6 gxf6 17.Nf4 Qc7 18.Nxd5 Qe5 19.Qf3 Kg7 20.Rfe1 Qf5 21.Qg3+ Qg5 22.Qc7 Bh3
23.Qg3 Qxg3 24.fxg3 Bc8 25.Rf1 Rd6 26.Nc7  1-0

[Event "8th ch-Euro w"]
[Site "Dresden GER"]
[Date "2007.04.06"]
[Round "4"]
[White "Paehtz,E"]
[Black "Kochetkova,J"]
[Result "1-0"]
[WhiteElo "2451"]
[BlackElo "2332"]

1.e4 c5 2.Nc3 Nc6 3.Bb5 Nd4 4.Bc4 e6 5.Nge2 Nf6 6.O-O a6 7.d3 d5 8.exd5 exd5
9.Nxd5 Nf3+ 10.Kh1 Nxd5 11.Nc3 Nf6 12.Qxf3 Be7 13.Nd5 O-O 14.Nxe7+ Qxe7 15.Bg5 Qe5
16.Bxf6 gxf6 17.Qg3+ Qg5 18.Rae1 h6 19.Re7 Kg7 20.Qc7 Qh5 21.Rfe1 Kg8 22.Qd6 Qg5
23.R1e3 Bg4 24.h3 Rad8 25.Qc7 Qh4 26.Rxf7  1-0